zpět

Detail výsledku týmu

Studentský klub, Opava

Datum a čas kvízu

25 Celkem bodů Celkový počet nahraných bodů na tomto kvízu bez doplňovacích otázek.
6. Pořadí na kvízu Konečné umístění týmu na tomto kvízu.

Zaznamenané odpovědi

# Otázka Odpověď Body Výsledky
1. Agentury STEM/MARK a Median mi... 0
2. "Filosof a revolucionář Karl M... 1
3. Americká Akademie filmových um... 0
4. Desítky nových "hackerů" ročně... 0
5. Minulý týden začala první cykl... 1
6. Košile patří k základním typům... 0
7. Dámská obdoba košile se nejčas... 1
8. Paramilitární křídlo italských... 1
9. Balada Svatební košile je souč... 0
10. Polotriko, zkráceně polo, je j... 1